000 00572nam a2200229Ia 4500
003 0100
008 130303s9999 xx 000 0 und d
040 _cARRUPELIB
050 _aDT3103.G93 1992
245 _aGuardians in their time
245 _bexperiences of Zambians under Colonial Rule 1890-1964
260 _aLondon
260 _bMacmillan
260 _C1992
300 _a223p.
300 _b 23cm
650 _bEast and West
650 _cIslam and politics
650 _dMiddle East--Politics
700 _aChipungu, Samuel N.
942 _2lcc
_03
999 _c61116
_d61116